000 00955cam a2200265 a 4500
001 sa 66000653
003 DLC
005 20260227112216.0
008 720816s1965 ii b 000 0 eng
010 _asa 66000653
035 _a(OCoLC)383899
040 _aDLC
_cDLC
041 1 _aeng
_have
050 0 0 _aBL1515.2
_b.E53 1965
130 0 _aAvesta.
_lEnglish.
245 1 4 _aThe Zend-Avesta /
_ctranslated by James Darmesteter.
260 _aDelhi :
_bMotilal Banarsidass
_c1965.
300 _a3 v. ;
_c23 cm.
440 0 _aSacred books of the East series ;
_vv. 4, 23, 31
546 _aTranslated from Avestan.
504 _aIncludes bibliographical references.
505 0 _apt. 1. The Vendīdād -- pt. 2. The Sirōzahs, Yasts and Nyāyis -- pt. 3. The Yasna, Visparad, Afrinagān, Gābs, and miscellaneous fragments / translated by L.H. Mills.
700 1 _aDarmesteter, James,
_d1849-1894.
700 1 _aMills, Lawrence Heyworth,
_d1837-1918.
999 _c67366
_d67366